000
00348pab a2200157 454500
008
180718b2011 xxu||||| |||| 00| 0 eng d
100
_a
Lalitha, N.
245
_a
Sustainable management of local resources
260
_c
2011
300
_a
p.32-35.
362
_a
Feb
650
_a
Self help
773
_a
Yojana
908
_a
N
909
_a
90652
999
_c
90652
_d
90652